El riego : fundamentos hidráulicos

Bibliographic Details
Main Author: Losada Villasante, A.
Format: Section = Libro
Language:Undetermined
Spanish
Published: Madrid, España Mundi Prensa 2009
Edition:4a.ed.
Subjects:
LEADER 00618nam a2200229Ia 4500
008 240829s9999 xx 000 0 und d
020 |a 978-84-8476-354-3 
040 |a BIBLIOTECA-RUPAP 631.587 L879 
041 |a spa 
082 |a 631.587 L879 
100 1 |a Losada Villasante, A. 
245 1 0 |a El riego : fundamentos hidráulicos 
250 |a 4a.ed. 
260 |a Madrid, España  |b Mundi Prensa  |c 2009 
300 |a 461 p. :il. 
650 7 |a IRRIGACION 
650 7 |b  AGUA - AGRICULTURA 
650 7 |c  HIDROSTATICA 
650 7 |d  BOMBAS - SISTEMAS DE IMPUSION. Tít. 
942 |c BK  |2 ddc 
991 |a TEXTO 
999 |c 9691